The fellowship of the ring (Record no. 514811)

MARC details
000 -LEADER
fixed length control field 00436nam a2200145 4500
008 - FIXED-LENGTH DATA ELEMENTS--GENERAL INFORMATION
fixed length control field 240713b |||||||| |||| 00| 0 eng d
020 ## - INTERNATIONAL STANDARD BOOK NUMBER
ISBN 9780007269709
Paper back/Hardbound pbj
041 ## - LANGUAGE CODE
Language code of text/sound track or separate title ENG
082 ## - DEWEY DECIMAL CLASSIFICATION NUMBER
Classification number 823.912
100 ## - MAIN ENTRY--AUTHOR NAME
Personal name Tolkien, J.R.R
245 ## - TITLE STATEMENT
Title The fellowship of the ring
Sub Title being the first part of the lord of the rings
Statement of responsibility, etc J.R.R. Tolkien
260 ## - PUBLICATION, DISTRIBUTION, ETC. (IMPRINT)
Place of publication London
Name of publisher Haper Collins
Year of publication 2008
300 ## - PHYSICAL DESCRIPTION
Number of Pages xxix, 531 p.
Other physical details Maps
Dimensions 18cm.
942 ## - ADDED ENTRY ELEMENTS (KOHA)
Koha item type English Books
Holdings
Withdrawn status Lost status Damaged status Not for loan Home library Current library Shelving location Date acquired Full call number Accession Number Price effective from Koha item type
        Anna Centenary Library Anna Centenary Library 4TH FLOOR, B WING 04.01.2011 823.912 TOL 485139 13.07.2024 English Books

Find us on the map